000 00684nam a2200205 a 4500
001 000030374
005 20200930062259.0
008 100804t1991 sp 000 0 spa d
020 _z8423919943
040 _aDO-SdBNP
_bspa
_cBNPHU
082 _axxxxx
_bxxxxx
100 1 _aMaría, José
_936488
245 1 3 _aRealidad y mito de la primera república :
_bdel gran miedo meridional a la autopía de Galdós /
_cJosé María, Jover Samora ; prólogo José Antonio Galdós.
260 _aMadrid :
_bEspasa,
_c1991.
300 _a215 p. ;
_c18 cm.
490 1 _aAstral
_v194
700 1 _aSamora, Jover
_957016
700 1 _aGaldós, José Antonio
_957017
830 0 _aAstral
_n194
_957018
999 _c29866
_d29866